|
|
|
|
| LEADER |
00000nam a2200000 i 4500 |
| 001 |
DIGUPAMP0033 |
| 003 |
NyNyDIG |
| 007 |
cr ||||||||||| |
| 008 |
240201s2022 ck a ob 000 0 spa d |
| 006 |
m o d |
| 035 |
|
|
|a (OCoLC)1422055006
|
| 040 |
|
|
|a DGITA
|b eng
|e rda
|e pn
|c DGITA
|
| 020 |
|
|
|z 9786289522808
|
| 043 |
|
|
|a s-ck---
|
| 050 |
1 |
4 |
|a HT395.C66 ebook
|
| 100 |
1 |
|
|a Mosquera Tellez, Jemay,
|e author.
|
| 245 |
1 |
0 |
|a Región administrativa de planificación el Gran Santander :
|b retos y desafíos para su consolidación /
|c autores, Jemay Mosquera Tellez, Cristhian Fernell García Lozano, Gendler Alexander Jaimes Gauta.
|
| 264 |
|
1 |
|a [Pamplona, Colombia] :
|b Universidad de Pamplona,
|c 2022.
|
| 300 |
|
|
|a 1 online resource :
|b illustrations.
|
| 336 |
|
|
|a text
|b txt
|2 rdacontent
|
| 337 |
|
|
|a computer
|b c
|2 rdamedia
|
| 338 |
|
|
|a online resource
|b cr
|2 rdacarrier
|
| 347 |
|
|
|a text file
|2 rdaft
|
| 347 |
|
|
|b PDF
|
| 500 |
|
|
|a "Libro resultado del proyecto de investigación : Lineamientos de desarrollo regional y gobernanza ambiental para la Región Administrativa de Planeación El Gran Santander en el mediano plazo"--Cover.
|
| 504 |
|
|
|a Includes bibliographical references.
|
| 588 |
0 |
|
|a Online resource; title from PDF title page (Digitalia, viewed February 1, 2024)
|
| 650 |
|
0 |
|a Regional planning
|z Colombia
|z Santander (Department)
|
| 650 |
|
0 |
|a Regional planning
|z Colombia
|z Norte de Santander.
|
| 700 |
1 |
|
|a García Lozano, Cristhian Fernell,
|e author.
|
| 700 |
1 |
|
|a Jaimes Gauta, Gendler Alexander,
|e author.
|
| 791 |
2 |
|
|a Digitalia (Firm),
|e distributor.
|
| 793 |
0 |
|
|g Digitalia eBook Collection:
|a Universidad de Pamplona
|
| 776 |
0 |
8 |
|i Print version:
|a Mosquera Tellez, Jemay.
|t Región administrativa de planificación el Gran Santander.
|d [Pamplona, Colombia] : Universidad de Pamplona, [2022]
|z 9786289522808
|
| 856 |
4 |
0 |
|3 Digitalia Hispánica
|u https://www.digitaliapublishing.com/a/131125/
|
| 910 |
|
|
|a Premium collection: 2024
|